Statistics for Countries to win Grammy for Best New Artist

Click here to take the quiz!

General Stats

  • This quiz has been taken 54 times
    (28 since last reset)
  • The average score is 5 of 6

Answer Stats

YearLast Winning ArtistCountry% Correct
2022Olivia RodrigoUnited States
96%
2021Megan Thee StallionUnited States
96%
2019Dua LipaUnited Kingdom
92%
2018Alessia CaraCanada
73%
1983Men at WorkAustralia
69%
1964The Swingle SingersFrance
46%

Score Distribution

Percentile by Number Answered

Percent of People with Each Score

Your Score History

You have not taken this quiz since the last reset